| 000 | 00447cam a2200181ua 4500 | ||
|---|---|---|---|
| 001 | 7419 | ||
| 008 | 160102n II |||gr||||Z||||||eng | ||
| 040 | _aMAIN | ||
| 041 | _aEnglish | ||
| 082 | _a336 SET | ||
| 100 | _aSETH , M.L . | ||
| 245 | _aMONEY BANKING , INTERNATIONAL TRADE AND PUBLIC FINANCE | ||
| 250 | _a7TH. | ||
| 260 |
_aNEW DELHI: _bVIRINDA PUBLICATIONS, _c1983. |
||
| 300 |
_a764: _c21CM. |
||
| 653 | _aPublic finance | ||
| 942 | _cBK | ||
| 999 |
_c7404 _d7404 |
||